|
|
|
|
| LEADER |
02414cam a2200601 i 4500 |
| 001 |
nkc20183003740 |
| 003 |
CZ PrNK |
| 005 |
20201113124927.0 |
| 007 |
ta |
| 008 |
180620s2018 xr a g 000 e cze d |
| 015 |
|
|
|a cnb003003740
|
| 020 |
|
|
|a 978-80-7577-467-5
|q (brožováno) :
|c Kč 139,00
|
| 035 |
|
|
|a (OCoLC)1056249157
|
| 040 |
|
|
|a KLG001
|b cze
|d OLA001
|e rda
|
| 041 |
1 |
|
|a cze
|h eng
|
| 072 |
|
7 |
|a 316.3
|x Globální společnosti. Sociální struktura. Sociální skupiny
|2 Konspekt
|9 18
|
| 080 |
|
|
|a 316.346.2-055.2
|2 MRF
|
| 080 |
|
|
|a 316.662
|2 MRF
|
| 080 |
|
|
|a 141.72
|2 MRF
|
| 080 |
|
|
|a 173.5/.7
|2 MRF
|
| 080 |
|
|
|a 37.03-053.2
|2 MRF
|
| 080 |
|
|
|a 304
|2 MRF
|
| 080 |
|
|
|a (0:82-4)
|2 MRF
|
| 100 |
1 |
|
|a Adichie, Chimamanda Ngozi,
|d 1977-
|7 xx0031550
|4 aut
|
| 240 |
1 |
0 |
|a Dear Ijeawele, or a Feminist manifesto in fifteen suggestions.
|l Česky
|
| 245 |
1 |
0 |
|a Milá Ijeawele, aneb, Feministický manifest v patnácti doporučeních /
|c Chimamanda Ngozi Adichieová ; z anglického originálu Dear Ijeawele, or a Feminist manifesto in fifteen suggestions ... přeložil Petr Štádler
|
| 246 |
3 |
0 |
|a Feministický manifest v patnácti doporučeních
|
| 246 |
1 |
8 |
|a Milá Ijeawele
|
| 250 |
|
|
|a První vydání
|
| 264 |
|
1 |
|a Brno :
|b Host,
|c 2018
|
| 300 |
|
|
|a 93 stran :
|b ilustrace ;
|c 16 cm
|
| 336 |
|
|
|a text
|b txt
|2 rdacontent
|
| 337 |
|
|
|a bez média
|b n
|2 rdamedia
|
| 338 |
|
|
|a svazek
|b nc
|2 rdacarrier
|
| 650 |
0 |
7 |
|a ženy
|7 ph127967
|x společenské postavení
|2 czenas
|
| 650 |
0 |
7 |
|a feminismus
|7 ph120150
|2 czenas
|
| 650 |
0 |
7 |
|a matky a dcery
|7 ph124162
|2 czenas
|
| 650 |
0 |
7 |
|a výchova dítěte
|7 ph127420
|x sociální aspekty
|2 czenas
|
| 650 |
0 |
9 |
|a women
|x social status
|2 eczenas
|
| 650 |
0 |
9 |
|a feminism
|2 eczenas
|
| 650 |
0 |
9 |
|a mothers and daughters
|2 eczenas
|
| 650 |
0 |
9 |
|a child rearing
|x social aspects
|2 eczenas
|
| 655 |
|
7 |
|a eseje
|7 fd132213
|2 czenas
|
| 655 |
|
9 |
|a essays
|2 eczenas
|
| 700 |
1 |
|
|a Štádler, Petr,
|d 1980-
|7 xx0072446
|4 trl
|
| 910 |
2 |
|
|a BOA001
|b 1-1411.521
|
| 920 |
|
|
|a 1189216
|z KLG001
|
| 990 |
|
|
|a BK
|
| 995 |
|
|
|a 01
|
| 991 |
|
|
|b 201808
|c NOV
|
| 996 |
6 |
|
|b 2610751355
|c 1-1411.521
|l MZK
|r Sklad / do 1 hodiny
|n 4
|p p.v.
|w 001678952
|u 000010
|a 1
|e BOA001
|j MZK50
|s P
|
| 996 |
7 |
|
|b 2610751356
|c 1-1411.521
|l MZK
|r Sklad / do 1 hodiny
|n 21
|p p.v.
|w 001678952
|u 000020
|a 1
|e BOA001
|j MZK50
|s A
|
| 996 |
7 |
|
|b 2610845977
|c 1-1411.521
|l MZK
|r Sklad / do 1 hodiny
|n 3
|p kup
|w 001678952
|u 000030
|a 1
|e BOA001
|j MZK50
|s A
|